| 000 | 00685nam a22001937a 4500 | ||
|---|---|---|---|
| 005 | 20241018133825.0 | ||
| 007 | xiii, 445p | ||
| 008 | 241018b |||||||| |||| 00| 0 eng d | ||
| 020 | _a9780414072350 | ||
| 050 |
_aKD8406 _b.HAR |
||
| 100 | _aDr. Lyndon Harris | ||
| 245 |
_a2020 Thomas' Sentencing Referencer _cDr. Lyndon Harris |
||
| 260 |
_aThomson Reuters and Sweet & Maxwell _cc.2019 |
||
| 300 |
_axiii, 445p. _bIllustrations and Index _c23.5cm |
||
| 500 | _aAn essential resource for those working in the criminal courts. | ||
| 650 |
_2Sentencing Referencer _aReference _vSentencing |
||
| 700 |
_aDr. Lyndon Harris _c2020 Thomas' Sentencing Referencer |
||
| 942 |
_2lcc _cBK _e14th ed _n0 |
||
| 999 |
_c54 _d54 |
||